Sportifs Francais en images #2 - Statistiques

Statistiques générales
  • Ce quiz a été pris 175 fois
  • Le résultat moyen est 11 sur 16
Statistiques - réponses
Par images Réponse % Correct
Antoine Griezmann
99%
Félix Lebrun
88%
Martin Fourcade
84%
Raphael Varane
82%
Wendie Renard
81%
Jo-Wilfried Tsonga
76%
Victor Wembanyama
76%
Renaud Lavillenie
75%
Sebastien Loeb
73%
Marie-José Pérec
63%
Caroline Garcia
59%
Damien Penaud
56%
Clarisse Agbegnenou
47%
Pauline Ferrand-Prévot
44%
Cassandre Beaugrand
40%
Vincent Gerard
39%
Aucun quiz correspondant
Distribution des résultats
% des personnes avec chaque résultat
Percentile par nombre de réponses
Votre historique - résultats
Vous n’avez pas pris ce quiz